00953njm a2200265Ia 4500001000600000003000900006005001700015008004100032040001300073040001300086041001200099100001700111100001800128100003800146245001000184250001100194260001100205260007400216300001700290500001700307505016900324650005200493700008100545700006100626D2640IT-RoPAU20220918181146.0131025s9999 xx 000 0 und d aIT-RoPAU cIT-RoPAU aINGLESE aJoplin Janis eAutore musica gCodice autore musica SPICS: 30273 aPearl a1a ed. aITALIA bSONY MUSIC ENTERTAINMENTc1995 [1a Ed.:1995 - Ed. Lingua Orig.: 1995] aCOMPACT DISC aMusica rock. aMover Over - Cry Baby - A Woman Left Lonely - Half Moon - Buried Alive In the Blues - My Baby - Me and Bobby McGee - Mercedes Benz - Trust Me - Get It While You Can aROCK [COMPACT DISC]eCodice MATERIA SPICS: 9949 aJoplin JaniseAutore testo e musicagCodice autore testo/musica SPICS: 30273 aJoplin JanisgCodice interprete SPICS: 30273eInterprete